| 000 | 01374nam a2200241Ia 4500 | ||
|---|---|---|---|
| 001 | 17087 | ||
| 003 | GE_BSU | ||
| 008 | 181216s||||||||xx |||||||||||||| ||und|| | ||
| 040 | _cGE_BSU | ||
| 080 | _a316(479.22)(092) +325.8(479.223) | ||
| 100 | _aაბაშიძე, მემედ | ||
| 245 | _aრჩეული ნაწერები | ||
| 245 | _bაჭარის ეროვნულ-განმათავისუფლებელი მოძრაობის ლიდერის წერილები სამუსულმანო საქართველოს შესახებ | ||
| 245 | _cშედგენა, რედაქცია, შესავალი წერილი და შენიშვნები ი. სიხარულიძის | ||
| 260 | _aბათუმი | ||
| 260 | _bსაბჭ. აჭარა | ||
| 260 | _c1973 | ||
| 300 | _a129გვ. : 1ფ. პორტრ. ; 21სმ. | ||
| 653 | _aაჭარის ეროვნულ-განმათავისუფლებელი მოძრაობის ლიდერის წერილები სამუსულმანო საქართველოს შესახებ | ||
| 653 | _aაჭარის ისტორია | ||
| 653 | _aრჩეული ნაწერები | ||
| 942 | _cBK | ||
| 999 |
_c50149 _d50149 |
||